000 00420nam a2200145 a 4500
001 000033370
005 20200930070218.0
008 110825s1926 dr 000 p spa d
040 _aDO-SdBNP
_bspa
_cBNPHU
082 _axxx
_bC355p
100 1 _aCastro H., Julio Cesar
_958948
245 1 0 _aPor la libertad del mundo. /
_cJulio Cesar Castro H.
260 _aSanto Domingo, :
_bMontalvo,
_c1926.
300 _a12 p. ;
_c16 cm.
999 _c32861
_d32861